Summer Olympics Host Cities - Sudden Death - Statistics

General Stats
  • This quiz has been taken 44,815 times
    43,872 since last reset
  • The average score is 12 of 23
Answers on the Grid
Answers color-coded by a green-red scale on the quiz's grid according to % correct below.
Amsterdam
Antwerp
Athens
Atlanta
Auckland
Barcelona
Beijing
Berlin
Buenos Aires
Cairo
Cape Town
Chicago
Copenhagen
Helsinki
Hong Kong
Istanbul
London
Los Angeles
Melbourne
Mexico City
Montreal
Moscow
Mumbai
Munich
New York
Osaka
Paris
Perth
Rio de Janeiro
Rome
Saint Petersburg
Seoul
Singapore
St. Louis
Stockholm
Sydney
Tokyo
Toronto
Vienna
Warsaw
 
Answer Stats
Answer % Correct
1896, 2004 Athens
85%
2008 Beijing
77%
1992 Barcelona
70%
1908, 1948, 2012 London
70%
1996 Atlanta
69%
1936 Berlin
67%
1900, 1924, 2024 Paris
65%
1932, 1984, 2028 Los Angeles
64%
1964, 2020 Tokyo
63%
2016 Rio de Janeiro
61%
2000 Sydney
57%
1960 Rome
50%
1968 Mexico City
49%
1928 Amsterdam
46%
1972 Munich
46%
1988 Seoul
46%
1980 Moscow
45%
1956 Melbourne
39%
1976 Montreal
38%
1920 Antwerp
36%
1904 St. Louis
33%
1952 Helsinki
32%
1912 Stockholm
31%
No matching quizzes found
Score Distribution
Percent of People with Each Score
Percentile by Number Answered
Your Score History
You have not taken this quiz since the last reset